Guyton and Hall: (Record no. 34736)
[ view plain ]
| 000 -LEADER | |
|---|---|
| fixed length control field | 00454nam a22001817a 4500 |
| 005 - DATE AND TIME OF LATEST TRANSACTION | |
| control field | 20231206123102.0 |
| 008 - FIXED-LENGTH DATA ELEMENTS--GENERAL INFORMATION | |
| fixed length control field | 231128b |||||||| |||| 00| 0 eng d |
| 020 ## - INTERNATIONAL STANDARD BOOK NUMBER | |
| ISBN | 9788131227046 |
| 082 ## - DEWEY DECIMAL CLASSIFICATION NUMBER | |
| Classification number | 612 |
| Item number | HAL |
| 100 ## - MAIN ENTRY--AUTHOR | |
| Author Name | Halland Guyton |
| 245 ## - TITLE STATEMENT | |
| Title | Guyton and Hall: |
| Remainder of title | Textbook of medical physiology, |
| 250 ## - EDITION STATEMENT | |
| Edition statement | 12th ed. |
| 300 ## - PHYSICAL DESCRIPTION | |
| Pages | 1091 |
| 500 ## - GENERAL NOTE | |
| General note | Include Index |
| 650 ## - SUBJECT ADDED ENTRY--TOPICAL TERM | |
| Subject / Department | Medical/ Physiology |
| 700 ## - ADDED ENTRY--PERSONAL NAME | |
| Personal name | Guyton and Hall |
| 952 ## - LOCATION AND ITEM INFORMATION (KOHA) | |
| -- | 0 |
| -- | 0 |
| Lost status | Damaged status | Collection code | Permanent Location | Current Location | Shelving Location | Date acquired | Full Call Number | Accession No./Barcode | Date last seen | item type | Koha item type |
|---|---|---|---|---|---|---|---|---|---|---|---|
| Medical /Allied Heath Science | Superior Information Resource Center (SIRC) Superior University- Main Campus | Superior Information Resource Center (SIRC) Superior University- Main Campus | Medical | 11/28/2023 | 612 HAL-M | 29022 | 03/11/2026 | BOOK | BOOK |
